000 00428nmm a2200157Ia 4500
008 251105s9999||||xx |||||||||||||||||und||
020 _a9788494414978
041 _aspa
100 _aMurdoch, Stuart
245 0 _aEl café celestial
264 _a[Madrid, España] :
_bExpediciones Polares,
_c2016
300 _a247 páginas
650 _aBiography
856 _uhttps://public.digitaliapublishing.com/a/85439
942 _cCF
999 _c89421
_d89421